| 000 | 00889cab a2200253 4500 | ||
|---|---|---|---|
| 001 | ABS48626 | ||
| 008 | 090401t1993 xxu||||| |||| 00| 0 eng d | ||
| 035 | _a(Sirsi) u67639 | ||
| 041 | _aeng | ||
| 245 | _aBuilding homes for the green generation | ||
| 260 | _c1993 | ||
| 350 | _a0 | ||
| 490 |
_aMunicipal Journal _vUrban Management Supplement May 1993, 24(1) |
||
| 520 | _a"Designing homes for the 21st Century" by URBED raises questions about the types of housing we should be building for the 21st century. It proposes demonstration projects to help design affordable but environmentally-friendly housing. | ||
| 650 | _aENVIRONMENTALLY-FRIENDLY HOUSING | ||
| 650 | _aHOUSE CONSTRUCTION | ||
| 650 | _aHOUSE DESIGN | ||
| 650 | _aMANCHESTER | ||
| 650 | _aSWANSEA | ||
| 690 | _aENVIRONMENTAL AND LAND CONSULTANCY | ||
| 690 | _aHOUSING | ||
| 942 | _n0 | ||
| 948 | _c04/03/1997 | ||
| 999 |
_c42336 _d42336 |
||